| 000 | 01263nam a22002175i 4500 | ||
|---|---|---|---|
| 001 | 166536 | ||
| 003 | ES-MaACL | ||
| 005 | 20250905163235.0 | ||
| 008 | 940202s1798 sp |||| | spa d | ||
| 100 | 1 |
_aTorres Villarroel, Diego de, _d1693-1770 _9111026 |
|
| 245 | 1 | 0 |
_aLibro primero -[segundo], vida exemplar de la venerable madre Gregoria Francisca de Santa Teresa, carmelita descalza en el Convento de Sevilla... en el siglo doña Gregoria Francisca de la Parra Queinoge / _cescrita por el Dr. D. Diego de Torres Villarroel ... ; tomo XII-[XIII]. |
| 260 |
_aMadrid : _ben la Imprenta de la Viuda de Ibarra, _c1798. |
||
| 300 |
_a2 v. ([18], 341 p. ; 349 p, [3] en bl.) ; _c8º. |
||
| 530 | _aDisponible en formato digital. | ||
| 595 | _aSegún Francisco Aguilar Piñal, la ed. de la Viuda de Ibarra, 1794-1799, supone la 2ª ed. de las Obras completas de Diego de Torres Villarroel, en 15 v., que carecen de título genérico. | ||
| 597 | _aSign.:Sign.: A-Y8, Z4 ; A-Y8. | ||
| 600 | 0 | 4 |
_aGregoria Francisca de Santa Teresa _c(O.C.D.), _d1653-1736 _9171453 |
| 852 |
_aES-MaACL _jR-2218-19 _z- Enc. pasta española |
||
| 856 |
_uhttp://bdh-rd.bne.es/viewer.vm?id=0000014247&page=1 _zBiblioteca Digital Hispánica |
||
| 999 |
_c166536 _d166536 |
||